Govt. of
Madhya Pradesh

Son Of The Nation (Record no. 8816)

MARC details
000 -LEADER
fixed length control field 002470000a22001330004500
003 - CONTROL NUMBER IDENTIFIER
control field MACL
040 ## - CATALOGING SOURCE
Original cataloging agency MACL
090 ## - LOCALLY ASSIGNED LC-TYPE CALL NUMBER (OCLC); LOCAL CALL NUMBER (RLIN)
-- 8871
-- 8870
100 ## - MAIN ENTRY--PERSONAL NAME
Personal name Vasu, E
245 ## - TITLE STATEMENT
Title Son Of The Nation
260 ## - PUBLICATION, DISTRIBUTION, ETC. (IMPRINT)
Name of publisher, distributor, etc. Tarjuma
Date of publication, distribution, etc. 2007
350 ## - PRICE (NR) (BK AM CF MU VM SE) [OBSOLETE]
Price 823
942 ## - ADDED ENTRY ELEMENTS (KOHA)
Koha item type Library Membar

No items available.